Krishna sobti ke upanyaso me pratibhimbhit nari jivan (Record no. 136848)

MARC details
000 -LEADER
fixed length control field 00936nam a2200289Ia 4500
003 - CONTROL NUMBER IDENTIFIER
control field OSt
005 - DATE AND TIME OF LATEST TRANSACTION
control field 20260409143130.0
008 - FIXED-LENGTH DATA ELEMENTS--GENERAL INFORMATION
fixed length control field 210210b2005 xxu||||| |||| 00| 0 eng d
040 ## - CATALOGING SOURCE
Transcribing agency AL
041 ## - LANGUAGE CODE
Language code of text/sound track or separate title Hindi
082 ## - DEWEY DECIMAL CLASSIFICATION NUMBER
Classification number H891.309 ANTK
100 ## - MAIN ENTRY--PERSONAL NAME
Personal name ANTAREDDY (Sulochan)
Dates associated with a name अंतारेड्डी (सुलोचन)
9 (RLIN) 261121
245 ## - TITLE STATEMENT
Title Krishna sobti ke upanyaso me pratibhimbhit nari jivan
Remainder of title कृष्णा सोबती के उपन्यासों में प्रतिभिम्बित नारी जीवन
260 ## - PUBLICATION, DISTRIBUTION, ETC.
Place of publication, distribution, etc. Kanpur
Name of publisher, distributor, etc. Aman Prakashan
Date of publication, distribution, etc. 2005
300 ## - PHYSICAL DESCRIPTION
Extent 216
650 ## - SUBJECT ADDED ENTRY--TOPICAL TERM
Topical term or geographic name entry element upanyaso
9 (RLIN) 261122
650 ## - SUBJECT ADDED ENTRY--TOPICAL TERM
Topical term or geographic name entry element sobti
9 (RLIN) 261123
650 ## - SUBJECT ADDED ENTRY--TOPICAL TERM
Topical term or geographic name entry element pratibhimbhit
9 (RLIN) 261124
650 ## - SUBJECT ADDED ENTRY--TOPICAL TERM
Topical term or geographic name entry element nari
9 (RLIN) 261125
650 ## - SUBJECT ADDED ENTRY--TOPICAL TERM
Topical term or geographic name entry element me
9 (RLIN) 261126
650 ## - SUBJECT ADDED ENTRY--TOPICAL TERM
Topical term or geographic name entry element Krishna
9 (RLIN) 261127
650 ## - SUBJECT ADDED ENTRY--TOPICAL TERM
Topical term or geographic name entry element ke
9 (RLIN) 261128
650 ## - SUBJECT ADDED ENTRY--TOPICAL TERM
Topical term or geographic name entry element jivan
9 (RLIN) 261129
690 ## - LOCAL SUBJECT ADDED ENTRY--TOPICAL TERM (OCLC, RLIN)
Topical term or geographic name as entry element Hindi Criticism
9 (RLIN) 261130
906 ## - LOCAL DATA ELEMENT F, LDF (RLIN)
a 063527
942 ## - ADDED ENTRY ELEMENTS (KOHA)
Source of classification or shelving scheme Dewey Decimal Classification
Koha item type Book
Holdings
Withdrawn status Lost status Source of classification or shelving scheme Damaged status Not for loan Collection code Home library Current library Shelving location Date acquired Source of acquisition Cost, normal purchase price Total Checkouts Full call number Barcode Date last seen Price effective from Koha item type
    Dewey Decimal Classification     Hindi St Aloysius Library St Aloysius Library   02/17/2021 Alka Prakashan Kanpur-208007 325.00   H891.309 ANTK 063527 02/17/2021 02/17/2021 Book